000
00248nam a2200085Ia 4500
245
0
_a
Drawing and painting people : a fresh approach
100
_a
BALL, Emily Ramsbury, 2009
_9
80974
942
_c
BK
008
210817s9999 xx 000 0 und d
999
_c
286363
_d
286363